Statistics for Songs By Elvis Presley On The 500 Greatest Songs Of All Time List

Click here to take the quiz!

General Stats

  • This quiz has been taken 726 times
  • The average score is 6 of 11

Answer Stats

Number Song % Correct
# 19"Hound Dog"
87%
# 67"Jailhouse Rock"
82%
# 91"Suspicious Minds"
69%
# 45"Heartbreak Hotel"
66%
# 444"Love Me Tender"
65%
# 430"Blue Suede Shoes"
58%
# 403"Can't Help Falling In Love"
39%
# 200"Don't Be Cruel"
35%
# 361"All Shook Up"
32%
# 113"That's All Right"
25%
# 77"Mystery Train"
11%

Score Distribution

Percentile by Number Answered

Percent of People with Each Score

Your Score History

You have not taken this quiz